MARC
LEADER
00000nam0a2200000 4500
001
192946
005
20231101224442.0
035
|a (RuTPU)RU\TPU\book\210376
090
|a 192946
100
|a 20110311d1975 km y0rusy50 ca
101
0
|a rus
102
|a UA
105
|a y z 000zy
200
1
|a Таблицы массовой тормозной способности и пробегов заряженных частиц с энергией 1 - 100 МЭВ
|f Н. Н. Пучеров, С. В. Романовский, Т. Д. Чеснокова
|g Академия наук Украинской ССР (АН УССР), Институт ядерных исследований (ИЯИ)
210
|a Киев
|c Наукова думка
|d 1975
215
|a 294 с.
606
1
|a Элементарные частицы
|x Взаимодействие
|2 stltpush
|3 (RuTPU)RU\TPU\subj\21083
|9 46125
610
1
|a ядерная физика
610
1
|a частицы
610
1
|a заряженные частицы
610
1
|a тормозная способность
610
1
|a таблицы
610
1
|a протоны
610
1
|a дейтроны
610
1
|a ионы
610
1
|a альфа-частицы
675
|a 539.121.72
|v 3
700
1
|a Пучеров
|b Н. Н.
|g Николай Николаевич
701
1
|a Романовский
|b С. В.
|g Сергей Васильевич
701
1
|a Чеснокова
|b Т. Д.
|g Тамара Даниловна
712
0
2
|a Академия наук Украинской ССР (АН УССР)
|b Институт ядерных исследований (ИЯИ)
|c (Киев)
|2 stltpush
|3 (RuTPU)RU\TPU\col\11795
801
1
|a RU
|b 63413507
|c 20110311
801
2
|a RU
|b 63413507
|c 20191031
|g RCR
942
|c BK